Les joueurs ayant battu Roger Federer en Grand Chelem - Statistiques

Statistiques générales
  • Ce quiz a été pris 181 fois
  • Le résultat moyen est 38 sur 61
Statistiques - réponses
Tournois Année Tour Score Réponse % Correct
2009 Finale 5/7,6/7,7/5,6/1 Rafael Nadal
100%
2012 1/2 7/6,2/6,6/7,4/6 Rafael Nadal
100%
2014 1/2 6/7,3/6,3/6 Rafael Nadal
100%
2005 1/2 3/6,6/4,4/6,3/6 Rafael Nadal
100%
2006 Finale 6/1,1/6,4/6,6/7 Rafael Nadal
100%
2007 Finale 3/6, 6/4,3/6,4/6 Rafael Nadal
100%
2008 Finale 1/6,3/6,0/6 Rafael Nadal
100%
2011 Finale 5/7,6/7,7/5,1/6 Rafael Nadal
100%
2019 1/2 3/6,4/6,2/6 Rafael Nadal
100%
2008 Finale 4/6,4/6,7/6,7/6,7/9 Rafael Nadal
100%
2008 1/2 5/7,3/6,6/7 Novak Djokovic
99%
2011 1/2 6/7,5/7,4/6 Novak Djokovic
99%
2016 1/2 1/6,2/6,6/3,3/6 Novak Djokovic
99%
2020 1/2 6/7,4/6,3/6 Novak Djokovic
99%
2012 1/2 4/6,5/7,3/6 Novak Djokovic
99%
2014 Finale 7/6,4/6,6/7,7/5,4/6 Novak Djokovic
99%
2015 Finale 6/7,7/6,4/6,3/6 Novak Djokovic
99%
2019 Finale 6/7,6/1,6/7,6/4,12/13 Novak Djokovic
99%
2010 1/2 7/5,1/6,7/5,2/6,5/7 Novak Djokovic
99%
2011 1/2 7/6,6/4,3/6,2/6,5/7 Novak Djokovic
99%
2015 Finale 4/6,7/5,4/6,4/6 Novak Djokovic
99%
2013 1/2 4/6,7/6,3/6,7/6,2/6 Andy Murray
93%
2015 1/4 4/6,3/6,6/7 Stanislas Wawrinka
90%
2013 1/4 5/7,3/6,3/6 Jo-Wilfried Tsonga
86%
2011 1/4 6/3,7/6,4/6,4/6,4/6 Jo-Wilfried Tsonga
86%
2009 Finale 6/3,6/7,6/4,6/7,2/6 Juan Martin Del Potro
80%
2017 1/4 5/7,6/3,6/7,4/6 Juan Martin Del Potro
80%
2001 1/8 1/6,2/6,4/6 André Agassi
78%
2014 1/2 3/6,4/6,4/6 Marin Cilic
73%
2019 1/8 7/6,6/7,5/7,6/7 Stefanos Tsitsipas
69%
2005 1/2 7/5,4/6,7/5,6/7,7/9 Marat Safin
65%
2010 1/4 6/3,3/6,5/7,4/6 Robin Soderling
63%
2016 1/2 3/6,7/6,6/4,5/7,3/6 Milos Raonic
61%
2010 1/4 4/6,6/3,1/6,4/6 Tomas Berdych
61%
2012 1/4 6/7,4/6,6/3,3/6 Tomas Berdych
61%
2018 1/4 6/2,7/6,5/7,4/6,11/13 Kevin Anderson
60%
2021 1/4 3/6,6/7,0/6 Hubert Hurkacz
56%
2019 1/4 6/3,4/6,6/3,4/6,2/6 Grigor Dimitrov
44%
2004 3ème 4/6,4/6,4/6 Gustavo Kuerten
42%
Us Open 2000 3ème 5/7,6/7,6/1,6/7 Juan Carlos Ferrero
41%
2003 1/8 4/6,6/3,1/6,6/1,3/6 David Nalbandian
40%
2003 1/8 6/3,6/7,4/6,3/6 David Nalbandian
40%
2021 1/8 Forfait Matteo Berrettini
38%
2014 1/8 7/6,6/7,2/6,6/4,3/6 Ernests Gulbis
33%
2018 1/8 6/3,5/7,6/7,6/7 John Millman
33%
2013 1/8 6/7,3/6,4/6 Tommy Robredo
31%
2015 3ème 4/6,6/7,6/4,6/7 Andreas Seppi
28%
Roland Garros 1999 1er 7/5,3/6,0/6,2/6 Patrick Rafter
28%
2013 2eme 7/6,6/7,5/7,6/7 Serhiy Stakhovsky
27%
2002 1/8 6/7,6/4,6/3,4/6,6/8 Tommy Haas
24%
2000 1er 5/7,5/7,6/7 Ievgueni Kafelnikov
22%
2001 1/4 5/7,6/7,6/2,6/7 Tim Henman
22%
Open d'Australie 2000 3ème 1/6,4/6,3/6 Arnaud Clément
19%
2001 3ème 6/7,4/6,4/6 Arnaud Clément
19%
2000 1/8 5/7,6/7,2/6 Alex Corretja
14%
2001 1/4 5/7,4/6,5/7 Alex Corretja
14%
2002 1er 3/6,6/7,3/6 Mario Ancic
14%
2003 1er 6/7,2/6,6/7 Luis Horna
9%
2002 1er 3/6,2/6,4/6 Hicham Arazi
5%
Wimbledon 1999 1er 3/6,6/3,6/4,3/6,4/6 Jiri Novak
3%
2002 1/8 3/6,6/7,4/6 Max Mirnyi
3%
Aucun quiz correspondant
Distribution des résultats
% des personnes avec chaque résultat
Percentile par nombre de réponses
Votre historique - résultats
Vous n’avez pas pris ce quiz